| 000 | 00786cam a2200241 i 4500 | ||
|---|---|---|---|
| 020 | _a9788184656015 | ||
| 020 | _a8184656017 | ||
| 041 | _aENG | ||
| 082 | 0 | 4 |
_a954.840 _bMAL |
| 100 | 1 | _aMaliekal, Jose D., | |
| 245 | 1 | 0 | _aStandstill utopias? : Dalits encountering Christianity |
| 260 |
_aDelhi _bISPCK _c2017 |
||
| 300 | _axlvi, 364 pages ; | ||
| 500 | _aOriginally presented as the author's thesis (Ph.D.)--Department of Christian Studies, Univeristy of Madras, 2002. | ||
| 650 | 0 | _aMadigas | |
| 650 | 0 | _aDalits | |
| 650 | 0 | _aChristian converts from Hinduism | |
| 650 | 0 | _aChurch work with people with social disabilities | |
| 650 | 7 | _aChristian converts from Hinduism. | |
| 650 | 7 | _aChurch work with people with social disabilities. | |
| 650 | 7 | _aDalits | |
| 942 | _cBK | ||
| 999 |
_c22937 _d22937 |
||